书目信息 |
| 题名: |
印人傳合集
|
|
| 作者: | 周亮工, 撰 ;于良子 点校 | |
| 分册: | 下 | |
| 出版信息: | 杭州 浙江人民美術出版社 2019.12 |
|
| 页数: | 2册 (767, 40页) | |
| 开本: | 21cm | |
| 丛书名: | 藝術文獻集成 | |
| 单 册: | ||
| 中图分类: | K825.72=2 | |
| 科图分类: | ||
| 主题词: | 篆刻家--zhuan ke jia--列传--中国--古代 | |
| 电子资源: | ||
| ISBN: | 978-7-5340-7498-1 | |
| 000 | 01278nam 2200313 450 | |
| 001 | CAL 003917325 | |
| 005 | 20230301160540.28 | |
| 010 | @a978-7-5340-7498-1@dCNY84.00 | |
| 100 | @a20200401d2019 em y0chiy0120 ea | |
| 101 | 0 | @achi |
| 102 | @aCN@b330000 | |
| 105 | @ay z 001yc | |
| 106 | @ar | |
| 200 | 1 | @a印人傳合集@Ayin ren zhuan he ji@h下@f(清) 周亮工等 |
| 210 | @a杭州@c浙江人民美術出版社@d2019.12 | |
| 215 | @a2册 (767, 40页)@d21cm | |
| 225 | 2 | @a藝術文獻集成@Ayi shu wen xian ji cheng |
| 314 | @a版权页题: 於良子點校 | |
| 320 | @a有索引 | |
| 330 | @a“艺术文献集成”搜集中国古代艺术方面的经典原著, 以可靠的版本为底本, 并予以重新校点整理, 本书即是其中的一种。本书是清代以来五种篆刻艺术家传记的合编, 它们分别是周亮工《印人传》、汪启淑《续印人传》、叶铭《广续印人传》、《再续印人传》和冯承辉《历朝印识》全编收入历代篆刻艺术家传记数千篇, 对于认识中国传统篆刻艺术的发展传承具有重要价值。全书附有人名索引。 | |
| 410 | 0 | @12001 @a藝術文獻集成 |
| 518 | 1 | @a印人传合集 |
| 606 | 0 | @a篆刻家@Azhuan ke jia@x列传@y中国@z古代 |
| 690 | @aK825.72=2@v5 | |
| 701 | 0 | @a周亮工,@Azhou liang gong@f清代@4撰 |
| 702 | 0 | @a于良子@Ayu liang zi@4点校 |
| 730 | 1 | @a於良子@Ayu liang zi@4點校 |
| 801 | 0 | @aCN@bBJXHZP@c20230228 |
| 905 | @b1398543-6@dK825.72=2@e1522:2@f4 | |
| 印人傳合集.下/(清) 周亮工等.-杭州:浙江人民美術出版社,2019.12 |
| 2册 (767, 40页);21cm.-(藝術文獻集成) |
| ISBN 978-7-5340-7498-1:CNY84.00 |
| “艺术文献集成”搜集中国古代艺术方面的经典原著, 以可靠的版本为底本, 并予以重新校点整理, 本书即是其中的一种。本书是清代以来五种篆刻艺术家传记的合编, 它们分别是周亮工《印人传》、汪启淑《续印人传》、叶铭《广续印人传》、《再续印人传》和冯承辉《历朝印识》全编收入历代篆刻艺术家传记数千篇, 对于认识中国传统篆刻艺术的发展传承具有重要价值。全书附有人名索引。 |
| ● |
| 相关链接 |
|
|
|
|
正题名:印人傳合集
索取号:K825.72=2/1522:2
 
预约/预借
| 序号 | 登录号 | 条形码 | 馆藏地/架位号 | 状态 | 备注 |
| 1 | 1398543 | 213985437 | 第二样本阅览室/ [索取号:K825.72=2/1522:2] | 在馆 | |
| 2 | 1398544 | 213985446 | 第二借阅区/ [索取号:K825.72=2/1522:2] | 在馆 | |
| 3 | 1398545 | 213985455 | 第二借阅区/ [索取号:K825.72=2/1522:2] | 在馆 | |
| 4 | 1398546 | 213985464 | 第二借阅区/ [索取号:K825.72=2/1522:2] | 在馆 |